Guess the language II - Statistics

General Stats
  • This quiz has been taken 2,443 times
  • The average score is 7 of 10
Answer Stats
Language % Correct
목재(木材)는 나무로 된 재료의 총칭이다. Korean
96%
L'eau libre est l'eau présente dans le bois vert. French
91%
Specific gravity is the ratio of the mass of a substance to the mass of an equal volume of water. English
89%
Hout van verschillende boomsoorten heeft verschillende eigenschappen Dutch
87%
Pro fomiti et materia constructionis centies milia annorum adhibitum est. Latin
64%
Няма пряка връзка между растежните пръстени и количеството беловина Bulgarian
57%
لکڑی یا کاٹھ ایک کاربنی مادہ ہے، جس کی پیداوار درختوں کے تنے میں وقت کے ساتھ سخت ہوتے حیاتیاتی مادے کے طور پر ہوتا ہے Urdu
48%
מען פלעג בויען הייזער פון האלץ, און אפילו היינט בויט מען אין עטלעכע לענדער הייזער פון האלץ. Yiddish
43%
A faanyag egyik legfontosabb, a mindennapokban legtöbbször emlegetett tulajdonsága a keménysége Hungarian
42%
பல நூற்றாண்டுகளாக மக்கள் மரத்தை பல்வேறுப் பயன்பாடுகளுக்கு உபயோகித்துள்ளனர். Tamil
38%
No matching quizzes found
Score Distribution
Percent of People with Each Score
Percentile by Number Answered
Your Score History
You have not taken this quiz